[Event "HUN-chT"]
[Site "Hungary"]
[Date "1991.??.??"]
[Round "?"]
[White "Ivanka, Maria"]
[Black "Csiszar, Csaba"]
[Result "1/2-1/2"]
[WhiteElo "2300"]
[BlackElo "2480"]
[PlyCount "117"]
[EventDate "1991.??.??"]
[EventType "team"]
[EventRounds "9"]
[EventCountry "HUN"]
[SourceTitle "TD"]
[Source "ChessBase"]
[SourceDate "1994.03.01"]
[SourceVersion "1"]
[SourceVersionDate "1994.03.01"]
[SourceQuality "1"]

1. Nf3 c5 2. c4 Nc6 3. g3 e5 4. d3 Nge7 5. Nc3 d5 6. cxd5 Nxd5 7. Bg2 Nc7 8. 0-0 Be7 9. a3 0-0 10. Bd2 Rb8 11. Rb1 f6 12. b4 Nd4 13. Ne4 Nxf3+ 14. Bxf3 cxb4 15. axb4 b6 16. Qa4 f5 17. Nc3 e4 18. Bg2 exd3 19. exd3 a6 20. Bf4 Bd6 21. Ne2 Bd7 22. Qc2 Bb5 23. Rfd1 Kh8 24. Qb3 Re8 25. Be3 Qd7 26. Nd4 Ba4 27. Qa2 f4 28. gxf4 Bxd1 29. Rxd1 Qg4 30. Rc1 Bxf4 31. h3 Qh4 32. Nf5 Qf6 33. Bxf4 Qxf5 34. Bxc7 Rbc8 35. Qd2 Rf8 36. Bxb6 Rxc1+ 37. Qxc1 Qxd3 38. Qe3 Qb1+ 39. Bf1 Qg6+ 40. Bg2 Qb1+ 41. Kh2 Qxb4 42. Bd4 a5 43. Be5 Qe7 44. Qg3 Re8 45. f4 Kg8 46. Qb3+ Kh8 47. Qb5 Qf7 48. Qxa5 Qe7 49. Qc3 Kg8 50. Bd5+ Kh8 51. Be4 Kg8 52. Qc4+ Kh8 53. Qc6 Kg8 54. Bc2 Rd8 55. Qc4+ Kh8 56. Qe4 Qh4 57. Qg2 Qe7 58. Qe4 Qh4 59. Qg2 1/2-1/2

[Event "Hajduszoboszlo zt (Women)"]
[Site "Hajduszoboszlo"]
[Date "1991.??.??"]
[Round "6"]
[White "Ivanka, Maria"]
[Black "Gocheva, Rumiana B"]
[Result "1-0"]
[WhiteElo "2300"]
[BlackElo "2235"]
[PlyCount "81"]
[EventDate "1991.??.??"]
[EventType "swiss"]
[EventRounds "7"]
[EventCountry "HUN"]
[SourceTitle "TD"]
[Source "ChessBase"]
[SourceDate "1994.03.01"]
[SourceVersion "1"]
[SourceVersionDate "1994.03.01"]
[SourceQuality "1"]

1. Nf3 e6 2. c4 d5 3. e3 g6 4. Be2 Bg7 5. 0-0 Ne7 6. d4 0-0 7. Nc3 Nbc6 8. h3 b6 9. cxd5 Nxd5 10. Nxd5 Qxd5 11. Nd2 Bb7 12. Bf3 Qd7 13. a3 Na5 14. b4 Bxf3 15. Qxf3 Nc6 16. Bb2 Ne7 17. Rac1 c6 18. Rc2 Rac8 19. Rfc1 f5 20. g3 Bh6 21. Nc4 Bg7 22. Qe2 Qd5 23. a4 Rfd8 24. Nd2 Qd7 25. b5 cxb5 26. axb5 Rxc2 27. Rxc2 Rc8 28. Rxc8+ Nxc8 29. Ba3 Bf8 30. Bxf8 Kxf8 31. Nb1 Qc7 32. Qb2 Ke7 33. Nc3 g5 34. Ne2 Nd6 35. d5 Qc4 36. Qg7+ Nf7 37. dxe6 Qxe6 38. Nd4 Qe4 39. Qxh7 Kf6 40. Kh2 Qd3 41. g4 1-0

[Event "Hajduszoboszlo zt (Women)"]
[Site "Hajduszoboszlo"]
[Date "1991.??.??"]
[Round "7"]
[White "Pilarska, Czeslawa"]
[Black "Ivanka, Maria"]
[Result "0-1"]
[WhiteElo "2205"]
[BlackElo "2300"]
[PlyCount "76"]
[EventDate "1991.??.??"]
[EventType "swiss"]
[EventRounds "7"]
[EventCountry "HUN"]
[SourceTitle "TD"]
[Source "ChessBase"]
[SourceDate "1994.03.01"]
[SourceVersion "1"]
[SourceVersionDate "1994.03.01"]
[SourceQuality "1"]

1. e4 d6 2. d4 g6 3. Nc3 Bg7 4. Nf3 c6 5. Be2 b5 6. a3 a6 7. 0-0 Nd7 8. Re1 Qc7 9. Bf1 e5 10. dxe5 dxe5 11. Bg5 Ngf6 12. Qd2 h6 13. Bh4 g5 14. Bg3 Nh5 15. Rad1 Nxg3 16. hxg3 0-0 17. Qd6 Qb6 18. Rd2 Re8 19. Red1 Bf8 20. Qd3 Nf6 21. Nh2 Be6 22. Qf3 Kg7 23. g4 b4 24. axb4 Bxb4 25. Bd3 Bxc3 26. bxc3 a5 27. c4 a4 28. c3 Qb3 29. Rb1 Qxc3 30. Rbb2 Red8 31. Rbc2 Qb4 32. Qe2 Qc5 33. Kh1 a3 34. f3 Nd7 35. Nf1 Qb4 36. Ne3 Nc5 37. Rc1 a2 38. Ra1 Qc3 0-1

[Event "Belgrade GMA op"]
[Site "Belgrade"]
[Date "1988.??.??"]
[Round "?"]
[White "Ivanka, Maria"]
[Black "Banas, Jan"]
[Result "0-1"]
[WhiteElo "2310"]
[BlackElo "2380"]
[PlyCount "88"]
[EventDate "1988.12.??"]
[EventType "swiss"]
[EventRounds "9"]
[EventCountry "YUG"]
[SourceTitle "TD"]
[Source "ChessBase"]
[SourceDate "1994.03.01"]
[SourceVersion "1"]
[SourceVersionDate "1994.03.01"]
[SourceQuality "1"]

1. Nf3 g6 2. c4 Nf6 3. b3 Bg7 4. Bb2 0-0 5. d3 d6 6. Nbd2 c5 7. g3 Nc6 8. Bg2 e5 9. a3 Ne8 10. Rb1 a5 11. Ne4 Nc7 12. 0-0 f5 13. Nc3 g5 14. Nd2 Kh8 15. Nd5 Nxd5 16. Bxd5 Ne7 17. Bg2 Ng6 18. e3 Qe7 19. d4 Be6 20. b4 axb4 21. axb4 cxd4 22. exd4 exd4 23. Re1 Qd7 24. Bxb7 Rab8 25. Bg2 d5 26. Rxe6 Qxe6 27. Bxd5 Qd7 28. b5 Ne7 29. Bg2 Rfd8 30. Qh5 g4 31. Re1 Ng6 32. Nb3 Qf7 33. Na5 d3 34. Bxg7+ Kxg7 35. Rd1 Qe7 36. Bf1 Ne5 37. Qxf5 Rf8 38. Nc6 Nxc6 39. Qxg4+ Kh8 40. bxc6 Qc5 41. Rd2 Rxf2 42. Rxf2 Rf8 43. Bxd3 Qxf2+ 44. Kh1 Re8 0-1

[Event "Belgrade GMA op"]
[Site "Belgrade"]
[Date "1988.??.??"]
[Round "?"]
[White "Ivanka, Maria"]
[Black "Plaskett, H James"]
[Result "0-1"]
[WhiteElo "2310"]
[BlackElo "2450"]
[PlyCount "68"]
[EventDate "1988.12.??"]
[EventType "swiss"]
[EventRounds "9"]
[EventCountry "YUG"]
[SourceTitle "TD"]
[Source "ChessBase"]
[SourceDate "1994.03.01"]
[SourceVersion "1"]
[SourceVersionDate "1994.03.01"]
[SourceQuality "1"]

1. c4 e5 2. Nc3 Bb4 3. g3 Bxc3 4. bxc3 d6 5. Bg2 Nc6 6. d4 Nge7 7. Ba3 0-0 8. d5 Na5 9. Qa4 b6 10. c5 dxc5 11. Bxc5 c6 12. Bxe7 Qxe7 13. Qb4 Qf6 14. c4 e4 15. Rc1 Re8 16. e3 Bb7 17. Ne2 cxd5 18. cxd5 Bxd5 19. 0-0 Bxa2 20. Nc3 Qe6 21. Bxe4 Rad8 22. Nxa2 Qxe4 23. Qxe4 Rxe4 24. Rc7 Ra4 25. Nc1 a6 26. Kg2 Nc4 27. Rd1 Rf8 28. Ne2 b5 29. Nd4 Ra2 30. Kf1 Rd8 31. Rc1 g6 32. h4 Rd6 33. h5 Kg7 34. Kg1 Rf6 0-1

[Event "Balatonfured zt (Women)"]
[Site "Balatonfured"]
[Date "1987.??.??"]
[Round "?"]
[White "Baumstark, Gertrude"]
[Black "Ivanka, Maria"]
[Result "1/2-1/2"]
[WhiteElo "2080"]
[BlackElo "2290"]
[PlyCount "48"]
[EventDate "1987.??.??"]
[EventType "tourn"]
[EventRounds "17"]
[EventCountry "HUN"]
[EventCategory "1"]
[SourceTitle "EXT 1997"]
[Source "ChessBase"]
[SourceDate "1996.11.15"]
[SourceVersion "1"]
[SourceVersionDate "1996.11.15"]
[SourceQuality "1"]

1. e4 c5 2. Nf3 e6 3. d4 cxd4 4. Nxd4 Nc6 5. Nc3 Qc7 6. Be2 a6 7. 0-0 Nf6 8. Kh1 Nxd4 9. Qxd4 Bc5 10. Qd3 h5 11. f4 Ng4 12. Qg3 b5 13. e5 Bb7 14. Bf3 f5 15. exf6 gxf6 16. a4 b4 17. Ne4 Bxe4 18. Bxe4 0-0-0 19. Bd2 Rdg8 20. Qe1 a5 21. Bf3 Qb6 22. h3 Nf2+ 23. Kh2 Ng4+ 24. Kh1 Nf2+ 1/2-1/2

[Event "Tuzla Interzonal (Women)"]
[Site "Tuzla"]
[Date "1987.??.??"]
[Round "2"]
[White "Ivanka, Maria"]
[Black "Lebel Arias, Julia"]
[Result "1-0"]
[WhiteElo "2320"]
[BlackElo "2150"]
[PlyCount "101"]
[EventDate "1987.07.??"]
[EventType "tourn"]
[EventRounds "17"]
[EventCountry "YUG"]
[EventCategory "10"]
[SourceTitle "EXT 1997"]
[Source "ChessBase"]
[SourceDate "1996.11.15"]
[SourceVersion "1"]
[SourceVersionDate "1996.11.15"]
[SourceQuality "1"]

1. Nf3 f5 2. c4 Nf6 3. Nc3 g6 4. g3 Bg7 5. Bg2 0-0 6. 0-0 d6 7. d4 c6 8. b4 Na6 9. Qb3 Nc7 10. Bb2 Qe8 11. d5 Kh8 12. Rad1 Bd7 13. e3 Rb8 14. a4 a6 15. Ng5 h6 16. Nh3 g5 17. f4 Qh5 18. Nf2 cxd5 19. Nxd5 Ncxd5 20. cxd5 Rbc8 21. Rc1 Qe2 22. Rfe1 Rxc1 23. Rxc1 Bxa4 24. Qa3 Bd7 25. Bf1 Qf3 26. Rc7 Rd8 27. Rxb7 Qxd5 28. Qxa6 Bc6 29. Rxe7 gxf4 30. exf4 Nh5 31. Bxg7+ Nxg7 32. b5 Ba8 33. Qa7 Qg8 34. Qc7 Bd5 35. b6 Ne6 36. Qc3+ Ng7 37. Qf6 Qf8 38. Qxh6+ Kg8 39. Qg5 Rb8 40. g4 Rxb6 41. Rxg7+ Qxg7 42. Qd8+ Kh7 43. Qxb6 fxg4 44. Bd3+ Kh8 45. Qd8+ Bg8 46. Qh4+ Bh7 47. Qxh7+ Qxh7 48. Bxh7 Kxh7 49. Nxg4 Kg6 50. Kf2 d5 51. Kf3 1-0

[Event "Tuzla Interzonal (Women)"]
[Site "Tuzla"]
[Date "1987.??.??"]
[Round "6"]
[White "Ivanka, Maria"]
[Black "Liu, Shilan"]
[Result "1-0"]
[WhiteElo "2320"]
[BlackElo "2335"]
[PlyCount "93"]
[EventDate "1987.07.??"]
[EventType "tourn"]
[EventRounds "17"]
[EventCountry "YUG"]
[EventCategory "10"]
[SourceTitle "EXT 1997"]
[Source "ChessBase"]
[SourceDate "1996.11.15"]
[SourceVersion "1"]
[SourceVersionDate "1996.11.15"]
[SourceQuality "1"]

1. Nf3 Nf6 2. g3 c5 3. c4 b6 4. Bg2 Bb7 5. 0-0 g6 6. d4 cxd4 7. Qxd4 Bg7 8. Nc3 0-0 9. Qh4 d6 10. Bh6 Bxh6 11. Qxh6 Nbd7 12. Rac1 Rc8 13. b3 Rc5 14. Ng5 Bxg2 15. Kxg2 Re8 16. Rcd1 Nf8 17. h3 Qa8+ 18. Kg1 d5 19. Rd4 dxc4 20. bxc4 Qc6 21. Qh4 e5 22. Re4 Nxe4 23. Ngxe4 Rxc4 24. Nf6+ Kh8 25. Nce4 Rxe4 26. Nxe4 f5 27. Nd2 Kg7 28. Nb3 Qf6 29. Qa4 Re7 30. Rd1 h5 31. Qb4 f4 32. Rd6 Re6 33. Rd3 Re7 34. Nd2 a5 35. Qa4 fxg3 36. Rxg3 Qf4 37. Ne4 b5 38. Qc2 Ne6 39. e3 Qf5 40. Qc6 Rc7 41. Qd5 h4 42. Rg4 b4 43. Nd6 Qb1+ 44. Kg2 Kf6 45. Ne8+ Ke7 46. Nxc7 Nxc7 47. Qxa5 1-0

[Event "Balatonfured zt (Women)"]
[Site "Balatonfured"]
[Date "1987.??.??"]
[Round "?"]
[White "Olarasu, Gabriela"]
[Black "Ivanka, Maria"]
[Result "1/2-1/2"]
[WhiteElo "2245"]
[BlackElo "2290"]
[PlyCount "72"]
[EventDate "1987.??.??"]
[EventType "tourn"]
[EventRounds "17"]
[EventCountry "HUN"]
[EventCategory "1"]
[SourceTitle "EXT 1997"]
[Source "ChessBase"]
[SourceDate "1996.11.15"]
[SourceVersion "1"]
[SourceVersionDate "1996.11.15"]
[SourceQuality "1"]

1. Nf3 Nf6 2. c4 g6 3. Nc3 Bg7 4. d4 0-0 5. e4 d6 6. Be2 Bg4 7. 0-0 Nfd7 8. h3 Bxf3 9. Bxf3 Nc6 10. Be3 e5 11. Ne2 exd4 12. Nxd4 Nxd4 13. Bxd4 Bxd4 14. Qxd4 Ne5 15. Be2 c5 16. Qd2 Nc6 17. f4 Kg7 18. Rae1 Nd4 19. Bd3 f6 20. Qf2 Qe7 21. Qg3 Rae8 22. h4 Kh8 23. Qf2 g5 24. hxg5 fxg5 25. f5 Qe5 26. Qd2 Rg8 27. Be2 Ref8 28. Bd1 Rf6 29. Re3 g4 30. g3 Rh6 31. Kg2 Rh3 32. Bxg4 Rh6 33. Bd1 Qf6 34. Rh1 Rxh1 35. Kxh1 Qh6+ 36. Kg2 Re8 1/2-1/2

[Event "Balatonfured zt (Women)"]
[Site "Balatonfured"]
[Date "1987.??.??"]
[Round "?"]
[White "Savova, Stefka"]
[Black "Ivanka, Maria"]
[Result "1/2-1/2"]
[WhiteElo "2245"]
[BlackElo "2290"]
[PlyCount "105"]
[EventDate "1987.??.??"]
[EventType "tourn"]
[EventRounds "17"]
[EventCountry "HUN"]
[EventCategory "1"]
[SourceTitle "EXT 1997"]
[Source "ChessBase"]
[SourceDate "1996.11.15"]
[SourceVersion "1"]
[SourceVersionDate "1996.11.15"]
[SourceQuality "1"]

1. Nf3 c5 2. e4 e6 3. d3 Nc6 4. g3 d5 5. Nbd2 Bd6 6. Bg2 Nge7 7. 0-0 0-0 8. Re1 Qc7 9. c3 Bd7 10. Qe2 f6 11. a3 b5 12. Bh3 Rfe8 13. Nf1 a5 14. Ne3 d4 15. cxd4 cxd4 16. Ng2 e5 17. Bxd7 Qxd7 18. Rf1 a4 19. Nd2 Na5 20. Qd1 Qe6 21. f4 Rec8 22. f5 Qf7 23. g4 Rc7 24. Kh1 Rac8 25. Rg1 h6 26. Nh4 Kf8 27. Nhf3 Nec6 28. Nh4 Ke8 29. Rf1 Nd8 30. Nhf3 Ndb7 31. Qe2 Nc5 32. Rb1 Ncb3 33. Nxb3 Nxb3 34. Bd2 Rc2 35. Qd1 Nxd2 36. Nxd2 Qa2 37. Nc4 R8xc4 38. dxc4 Rxc4 39. Qd3 Ke7 40. h3 Kd7 41. Rfd1 Kc6 42. Rd2 Qb3 43. Qxb3 axb3 44. Rd3 Rc2 45. Rxb3 Re2 46. Rc1+ Bc5 47. a4 bxa4 48. Rb8 d3 49. Rc8+ Kb6 50. R1xc5 d2 51. R8c6+ Kb7 52. Rc7+ Kb6 53. R7c6+ 1/2-1/2

[Event "Olympiad Women-27"]
[Site "Dubai"]
[Date "1986.11.22"]
[Round "7"]
[White "An, Yangfeng"]
[Black "Ivanka, Maria"]
[Result "1/2-1/2"]
[WhiteElo "2145"]
[BlackElo "2200"]
[PlyCount "25"]
[EventDate "1986.11.15"]
[EventType "team-swiss"]
[EventRounds "14"]
[EventCountry "UAE"]
[SourceTitle "EXT 2019"]
[Source "ChessBase"]
[SourceDate "2018.10.10"]
[SourceVersion "1"]
[SourceVersionDate "2018.10.10"]
[SourceQuality "1"]
[WhiteTeam "China (W)"]
[BlackTeam "Hungary (W)"]
[WhiteTeamCountry "CHN"]
[BlackTeamCountry "HUN"]

1. d4 Nf6 2. c4 d6 3. Nf3 c6 4. Nc3 Nbd7 5. e4 e5 6. Be2 Be7 7. 0-0 0-0 8. Re1 Re8 9. Bf1 Qc7 10. h3 Nf8 11. Be3 Ng6 12. Qc2 Bd7 13. Rad1 1/2-1/2

[Event "Olympiad Women-26"]
[Site "Thessaloniki"]
[Date "1984.12.01"]
[Round "12"]
[White "Wu, Mingqian"]
[Black "Ivanka, Maria"]
[Result "1-0"]
[WhiteElo "2030"]
[BlackElo "2255"]
[PlyCount "77"]
[EventDate "1984.11.19"]
[EventType "team-swiss"]
[EventRounds "14"]
[EventCountry "GRE"]
[SourceTitle "EXT 2019"]
[Source "ChessBase"]
[SourceDate "2018.10.10"]
[SourceVersion "1"]
[SourceVersionDate "2018.10.10"]
[SourceQuality "1"]
[WhiteTeam "China (W)"]
[BlackTeam "Hungary (W)"]
[WhiteTeamCountry "CHN"]
[BlackTeamCountry "HUN"]

1. e4 d6 2. d4 Nf6 3. Nc3 g6 4. f4 Bg7 5. Nf3 0-0 6. Bd3 a6 7. 0-0 b5 8. e5 Ne8 9. Be3 Bf5 10. Bxf5 gxf5 11. Qd3 e6 12. g4 Nc6 13. gxf5 Nb4 14. Qd2 exf5 15. Nxb5 Rb8 16. Nc3 dxe5 17. fxe5 f6 18. Qe2 Kh8 19. Rad1 Nd5 20. Nxd5 Qxd5 21. b3 Qe4 22. Kf2 c5 23. c3 Nc7 24. dxc5 fxe5 25. Rd7 Nd5 26. Rg1 Bf6 27. Rxh7+ Kxh7 28. Ng5+ Bxg5 29. Qh5+ Kg7 30. Bxg5 Qc2+ 31. Bd2+ Kf6 32. Qg6+ Ke7 33. Qd6+ Kf7 34. Qxd5+ Kf6 35. Qd6+ Kf7 36. Qd7+ Kf6 37. Qg7+ Ke6 38. Rg6+ Kd5 39. Rd6+ 1-0

[Event "Olympiad Women-26"]
[Site "Thessaloniki"]
[Date "1984.11.23"]
[Round "5"]
[White "Lazarevic, Milunka"]
[Black "Ivanka, Maria"]
[Result "1-0"]
[WhiteElo "2165"]
[BlackElo "2255"]
[PlyCount "65"]
[EventDate "1984.11.19"]
[EventType "team-swiss"]
[EventRounds "14"]
[EventCountry "GRE"]
[SourceTitle "EXT 2019"]
[Source "ChessBase"]
[SourceDate "2018.10.10"]
[SourceVersion "1"]
[SourceVersionDate "2018.10.10"]
[SourceQuality "1"]
[WhiteTeam "Yugoslavia (W)"]
[BlackTeam "Hungary (W)"]
[WhiteTeamCountry "YUG"]
[BlackTeamCountry "HUN"]

1. e4 c5 2. Nc3 e6 3. f4 Nc6 4. Nf3 d6 5. Bb5 Bd7 6. Bxc6 Bxc6 7. d3 g6 8. 0-0 Bg7 9. f5 gxf5 10. exf5 e5 11. Qe1 Qe7 12. Ne4 0-0-0 13. b4 d5 14. f6 Nxf6 15. Nxc5 Nd7 16. Nxd7 Bxd7 17. Bb2 f6 18. Bd4 b6 19. a4 Qe8 20. Bf2 Kb7 21. a5 Rc8 22. axb6 axb6 23. c4 d4 24. b5 f5 25. Ra6 Ra8 26. Rxa8 Qxa8 27. Bxd4 Re8 28. Bxe5 Qa2 29. Qg3 Bh6 30. Bd4 Re2 31. Qd6 Rxg2+ 32. Kh1 Kc8 33. Qxh6 1-0

[Event "Tbilisi (Women)"]
[Site "Tbilisi"]
[Date "1984.05.02"]
[Round "12"]
[White "Gurieli, Nino"]
[Black "Ivanka, Maria"]
[Result "1/2-1/2"]
[WhiteElo "2225"]
[BlackElo "2165"]
[PlyCount "77"]
[EventDate "1984.04.16"]
[EventType "tourn"]
[EventRounds "13"]
[EventCountry "URS"]
[SourceTitle "EXT 2018"]
[Source "ChessBase"]
[SourceDate "2017.10.13"]
[SourceVersion "1"]
[SourceVersionDate "2017.10.13"]
[SourceQuality "1"]

1. d4 Nf6 2. Nf3 g6 3. c4 Bg7 4. Nc3 0-0 5. e4 d6 6. Be2 c5 7. d5 e6 8. 0-0 exd5 9. cxd5 Na6 10. Nd2 Nc7 11. a4 Re8 12. f4 b6 13. Re1 Rb8 14. Bf3 Ba6 15. Nf1 Bb7 16. Rb1 a6 17. Bd2 b5 18. axb5 Nxb5 19. Nxb5 axb5 20. Qc2 Ra8 21. Ng3 Qd7 22. b4 c4 23. Bc3 Ra3 24. Ne2 Rea8 25. Red1 Ng4 26. Bxg7 Kxg7 27. Qb2+ Kg8 28. Nc3 Bc8 29. Bxg4 Qxg4 30. Qd2 f6 31. Rf1 Bd7 32. Rbe1 Re8 33. e5 fxe5 34. Ne4 Rf8 35. h3 Qh4 36. fxe5 Rxf1+ 37. Kxf1 dxe5 38. Qb2 Qf4+ 39. Kg1 1/2-1/2